[Event "39th ch-IND Premier w 2012"]
[Site "Jalgaon IND"]
[Date "2012.10.25"]
[Round "2.2"]
[White "Meenakshi,Sub"]
[Black "Priya,P"]
[Result "1-0"]
[WhiteElo "2296"]
[BlackElo "2165"]

1.d4 Nf6 2.c4 Nc6 3.Nf3 e6 4.Bg5 h6 5.Bf4 Bb4+ 6.Bd2 Bxd2+ 7.Nbxd2 O-O 8.e4 d6
9.Bd3 e5 10.d5 Nb4 11.Nf1 a5 12.Ne3 Na6 13.Nd2 Nc5 14.Qe2 Ng4 15.Nxg4 Bxg4
16.f3 Bd7 17.Nb3 Nxb3 18.axb3 f5 19.exf5 Bxf5 20.O-O c6 21.dxc6 Qb6+ 22.Kh1 bxc6
23.Bxf5 Rxf5 24.Qd3 Rf6 25.Rfd1 Rb8 26.Ra3 Qf2 27.Rb1 Qc5 28.Qc3 Qb4 29.Rd1 Qb6
30.h3 Rg6 31.Qc2 Rf6 32.Qe4 Rf4 33.Qg6 Rf6 34.Qd3 Qf2 35.Qc3 Qb6 36.Rc1 Qb4
37.Qxb4 axb4 38.Ra6 d5 39.Re1 d4 40.Rxe5 Rd6 41.c5 Rd7 42.Rxc6 Rbd8 43.Re2 Rd5
44.Kg1 Kf8 45.Kf2 d3 46.Rd2 Ke7 47.Rc7+ Kf6 48.c6 Rc5 49.Rd7 Rc8 50.R7xd3 R5xc6
51.Rd4 Rb6 52.Rd6+ Rxd6 53.Rxd6+ Ke5 54.Rb6 Rc2+ 55.Kg3 Rxb2 56.Rxb4 g5 57.Rb5+ Kd4
58.Rb6 h5 59.Rg6 g4 60.hxg4 h4+ 61.Kxh4 Rxg2 62.Re6  1-0

[Event "16th OIBM 2012"]
[Site "Bad Wiessee GER"]
[Date "2012.10.27"]
[Round "1.9"]
[White "Sumets,A"]
[Black "Plug,A"]
[Result "1-0"]
[WhiteElo "2627"]
[BlackElo "1927"]

1.d4 Nf6 2.c4 Nc6 3.Nf3 e6 4.g3 Bb4+ 5.Nbd2 O-O 6.Bg2 d6 7.O-O Qe7 8.Nb3 Na5
9.Bg5 h6 10.Bxf6 Qxf6 11.Nc1 Nc6 12.a3 Ba5 13.Nb3 Bb6 14.c5 Ba5 15.Nh4 d5
16.e4 b6 17.exd5 exd5 18.Bxd5 Ba6 19.Qf3 Qxf3 20.Nxf3 Bb7 21.Ne5 Nxe5 22.Bxb7 Rab8
23.dxe5 Rxb7 24.Rfd1 Rbb8 25.Rd7  1-0

[Event "39th ch-IND Premier w 2012"]
[Site "Jalgaon IND"]
[Date "2012.10.27"]
[Round "4.4"]
[White "Mohota,N"]
[Black "Priya,P"]
[Result "1-0"]
[WhiteElo "2323"]
[BlackElo "2165"]

1.d4 Nf6 2.c4 Nc6 3.Nf3 e6 4.g3 Bb4+ 5.Bd2 Qe7 6.Nc3 O-O 7.Bg2 d6 8.O-O a5
9.Rc1 Bxc3 10.Bxc3 e5 11.d5 Nb8 12.c5 Nbd7 13.cxd6 cxd6 14.Nd2 b5 15.a3 Nb6
16.e4 Bd7 17.Nb3 Nc4 18.Qe2 Rfc8 19.Nd2 Nb6 20.b4 Na4 21.Ba1 axb4 22.axb4 Qd8
23.Nb3 Qb6 24.Na5 Kf8 25.h3 Rc7 26.Rxc7 Qxc7 27.f4 Nc3 28.Qe3 Na2 29.fxe5 dxe5
30.Qd2 Rxa5 31.bxa5 Qc4 32.Bxe5 Nxe4 33.Bxe4 Qxe4 34.Bd6+ Kg8 35.Qxa2 Bxh3
36.Rf2  1-0

[Event "12th Sautron Open"]
[Site "Sautron FRA"]
[Date "2012.10.28"]
[Round "2.4"]
[White "Colin,V"]
[Black "Rusev,K"]
[Result "1-0"]
[WhiteElo "2407"]
[BlackElo "2549"]

1.d4 Nf6 2.c4 Nc6 3.Nf3 e6 4.a3 d6 5.Nc3 g6 6.e4 Bg7 7.Be2 O-O 8.O-O Re8
9.d5 exd5 10.cxd5 Ne7 11.Nd4 c6 12.dxc6 Nxc6 13.Nxc6 bxc6 14.Qa4 Bd7 15.Bf4 d5
16.e5 Nh5 17.Bxh5 gxh5 18.Rfe1 Re6 19.Bg3 Qe7 20.f4 Rg6 21.Bf2 h4 22.Qd1 Bh3
23.g3 h5 24.Qd3 Qd7 25.Rad1 hxg3 26.hxg3 h4 27.Ne4 Bf5 28.Nc5 Bxd3 29.Nxd7 Bf5
30.Nc5 hxg3 31.Bd4 Bh6 32.Kg2 Bxf4 33.Rh1 Bh6 34.Rdf1 Be6 35.Rf6 Rxf6 36.exf6 Bf4
37.Rh4 Bd6 38.Nxe6 fxe6 39.Rg4+ Kf8 40.Rg7 c5 41.Be3 Rb8 42.b4 cxb4 43.Bh6 Ke8
44.f7+ Ke7 45.Bg5+ Kf8 46.Rh7 Be5 47.Bh6+ Bg7 48.Rxg7  1-0

[Event "22nd Caen Alekhine Open A"]
[Site "Caen FRA"]
[Date "2012.11.02"]
[Round "2.9"]
[White "Wiley,To"]
[Black "Bordais,B"]
[Result "0-1"]
[WhiteElo "2280"]
[BlackElo "1957"]

1.d4 Nf6 2.c4 Nc6 3.Nf3 e6 4.Nc3 Bb4 5.Qc2 Qe7 6.Bd2 d6 7.a3 Bxc3 8.Bxc3 e5
9.d5 Nd8 10.e4 O-O 11.g3 Ne8 12.Bg2 f5 13.exf5 Bxf5 14.Qe2 Bg4 15.h3 Bh5
16.Qe3 Nf6 17.O-O Nd7 18.Rae1 Nb6 19.b3 Rc8 20.a4 Nd7 21.Nd2 b6 22.f4 Re8
23.a5 Nb7 24.g4 Bg6 25.axb6 axb6 26.f5 Bf7 27.g5 Rf8 28.Bf3 Ra8 29.Re2 g6
30.f6 Qe8 31.h4 Ra3 32.b4 b5 33.Nb1 Ra4 34.cxb5 Nb6 35.Qd3 Qd7 36.Be1 Rfa8
37.Qb3 Qxb5 38.h5 Bxd5 39.Bxd5+ Qxd5 40.f7+ Kf8 41.Qh3 Qd4+ 42.Bf2 Qxb4 43.Bg3 Qg4
44.Qg2 Qxg5 45.Qxb7 Qxg3+ 46.Rg2 Qe3+ 47.Rff2 Ra1 48.Qxc7 Rxb1+ 49.Kh2 Qd4
50.Rf3 Rc8 51.hxg6 hxg6 52.Qb7 Qd5 53.Qxd5 Nxd5 54.Rxg6 Ke7  0-1

[Event "22nd Caen Alekhine Open A"]
[Site "Caen FRA"]
[Date "2012.11.03"]
[Round "4.11"]
[White "Zerafa,J"]
[Black "Bordais,B"]
[Result "0-1"]
[WhiteElo "2079"]
[BlackElo "1957"]

1.d4 Nf6 2.c4 Nc6 3.Nf3 e6 4.a3 d6 5.Nc3 g6 6.e4 Bg7 7.Be2 O-O 8.O-O Re8
9.Be3 e5 10.d5 Nd4 11.Nxd4 exd4 12.Bxd4 Nxe4 13.Bxg7 Kxg7 14.Nxe4 Rxe4 15.Bd3 Rd4
16.Qc2 Qf6 17.Rae1 a5 18.Re3 a4 19.Rf3 Rf4 20.Rxf4 Qxf4 21.Qc3+ Qf6 22.Qb4 b6
23.Bc2 Bd7 24.Re1 Ra5 25.Re3 Rc5 26.Rc3 Qd4 27.h3 Qd2 28.Bxa4 Bxa4 29.Qxa4 Qxb2
30.Qb4 Qa1+ 31.Kh2 Qa2 32.f3 Qd2 33.Kg3 b5 34.f4 bxc4 35.a4 Rxd5 36.Rxc4 Qxb4
37.Rxb4 Kf6 38.Kf3 Rd3+ 39.Ke4 Rd1 40.a5 Ra1 41.Rb7 Ra4+ 42.Ke3 c5 43.Rb6 Ke6
44.a6 f5 45.Kd3 Kd5 46.Rb7 Rxa6 47.Rxh7 Ra3+  0-1

[Event "2nd Novara Open A 2012"]
[Site "Novara ITA"]
[Date "2012.11.03"]
[Round "3.3"]
[White "Pienabarca,N"]
[Black "Collutiis,D"]
[Result "0-1"]
[WhiteElo "2110"]
[BlackElo "2486"]

1.d4 Nf6 2.c4 Nc6 3.Nf3 e6 4.g3 Bb4+ 5.Bd2 Qe7 6.Bg2 Bxd2+ 7.Nbxd2 d6 8.O-O O-O
9.e3 e5 10.d5 Nb8 11.e4 a5 12.b3 Na6 13.Qc2 Bd7 14.a3 c6 15.Qb2 Nc5 16.Ne1 cxd5
17.exd5 e4 18.b4 axb4 19.axb4 Rxa1 20.Qxa1 e3 21.Nc2 e2 22.Rb1 Nd3 23.Ne1 Nxf2
24.Qd4 Nh3+ 25.Kh1 Bf5 26.Ra1 Ne4 27.Bxh3 Nxd2 28.Bxf5 Nb3 29.Qc3 Nxa1 30.Qxa1 Qe3
31.Kg2 g6 32.Bd3 Re8 33.Qf6 Qd2 34.Qf2 Re3 35.Kg1 Rxd3 36.Nxd3 Qxd3 37.Qe1 Qxc4
38.Kf2 Qd4+ 39.Kxe2 Qe4+ 40.Kf2 Qxe1+ 41.Kxe1 Kg7  0-1

[Event "FIDE WCh Women World Cup"]
[Site "Khanty-Mansiysk RUS"]
[Date "2012.11.12"]
[Round "1.2"]
[White "Socko,M"]
[Black "Skripchenko,A"]
[Result "1/2-1/2"]
[WhiteElo "2445"]
[BlackElo "2441"]

1.d4 Nf6 2.c4 Nc6 3.Nf3 e6 4.a3 d6 5.Nc3 g6 6.e4 Bg7 7.Be2 O-O 8.O-O e5 9.d5 Ne7
10.Ne1 Nd7 11.Nd3 f5 12.Bd2 fxe4 13.Nxe4 h6 14.Bg4 Nf5 15.f3 Kh7 16.Rc1 a5
17.Kh1 a4 18.Bh3 Nb6 19.Nb4 Rf7 20.Rc3 Nd7 21.Rd3 Qf8 22.Na2 Nb6 23.Rc3 Bd7
24.Nb4 Rd8 25.Qe1 Kg8 26.Rc1 Qe7 27.Qf2 Nd4 28.Bxd7 Nxd7 29.Be3 Nb3 30.Rce1 Nf6
31.Nxf6+ Qxf6 32.Nd3 Rdf8 33.Kg1 g5 34.Qe2 b6 35.Rb1 Qg6 36.Nf2 e4 37.fxe4 h5
38.Nh3 Rxf1+ 39.Rxf1 Rxf1+ 40.Kxf1 g4 41.Nf4 Qf6 42.h3 Qxb2 43.Nxh5 gxh3
44.gxh3 Qb1+ 45.Kf2 Qxe4 46.Nxg7 Qh4+ 47.Kg2 Kxg7 48.Bc1 Nc5 49.Qe8 Qf6 50.Be3 Qb2+
51.Kf3 Qxa3 52.Qe7+ Kg6 53.Qe8+ Kg7 54.Qe7+  1/2-1/2

[Event "FIDE WCh Women World Cup"]
[Site "Khanty-Mansiysk RUS"]
[Date "2012.11.13"]
[Round "1.3"]
[White "Ju Wenjun"]
[Black "Pourkashiyan,A"]
[Result "1/2-1/2"]
[WhiteElo "2501"]
[BlackElo "2321"]

1.d4 Nf6 2.c4 Nc6 3.Nf3 e6 4.g3 d5 5.Bg2 Bb4+ 6.Bd2 Bxd2+ 7.Nbxd2 O-O 8.O-O Ne4
9.e3 f5 10.Rc1 Qd6 11.a3 a5 12.Nxe4 fxe4 13.Nd2 Bd7 14.f3 exf3 15.Bxf3 Be8
16.cxd5 exd5 17.Qb3 Rd8 18.Ne4 Qh6 19.Nc5 Rxf3 20.Rxf3 Nxd4 21.exd4 Qxc1+
22.Rf1 Qd2 23.Ne6 Bg6 24.Qf3 h6 25.Nxd8 Qxd4+ 26.Qf2 Qg4 27.Qf4 Qe2 28.Qf3 Qe5
29.Nxb7 d4 30.Qf4 Qd5 31.Qf8+ Kh7 32.Nd8 d3 33.Qf2 Qxd8 34.Rd1 Qd5 35.Qe3 c5
36.Rd2 c4 37.h4 Be4 38.Rf2 Bg6 39.Kh2 Bh5 40.Rd2 a4 41.Kg1 Bf3 42.Rf2 Bh5
43.Rd2 Bg6 44.Rf2 Bh5 45.Rd2 Bg6 46.Rf2 Qh5 47.Kh2 Qd5 48.Kg1 Bh5 49.Rd2 Bg6
50.Rf2 Bh5 51.Rd2 Bg6 52.Rf2 Bh5 53.Rd2  1/2-1/2

[Event "WY BU18 2012"]
[Site "Maribor SLO"]
[Date "2012.11.14"]
[Round "7.42"]
[White "Gregory,Sam"]
[Black "Navalgund,N"]
[Result "0-1"]
[WhiteElo "1771"]
[BlackElo "2149"]

1.d4 Nf6 2.c4 Nc6 3.Nc3 e5 4.d5 Ne7 5.e4 Ng6 6.Be3 h5 7.f3 h4 8.Nge2 b6 9.Qd2 Nh5
10.Rg1 Bc5 11.g3 d6 12.O-O-O Bd7 13.Bxc5 bxc5 14.f4 hxg3 15.hxg3 Bg4 16.f5 Nf8
17.Rh1 g6 18.fxg6 Nxg6 19.Qe3 Qf6 20.Bg2 Qg7 21.Bf3 Nf6 22.Rxh8+ Nxh8 23.Rf1 Bd7
24.Qf2 Qg5+ 25.Kb1 Rb8 26.Ng1 Ke7 27.Bd1 Rg8 28.Be2 Ne8 29.Nf3 Qxg3 30.Qe3 Ng6
31.Rg1 Qf4 32.Qd3 f5 33.Rf1 fxe4 34.Nxe4 Qh6 35.Qa3 Bf5 36.Bd3 Qh3 37.Nfd2 Nf4
38.Rf3 Qh1+ 39.Kc2 Rg1  0-1

[Event "WY BU18 2012"]
[Site "Maribor SLO"]
[Date "2012.11.15"]
[Round "8.34"]
[White "Lindgren,P"]
[Black "Jovancevic,J"]
[Result "1-0"]
[WhiteElo "2269"]
[BlackElo "2025"]

1.d4 Nf6 2.c4 Nc6 3.Nc3 e5 4.d5 Ne7 5.Nf3 Ng6 6.h4 h5 7.Bg5 Bb4 8.Qc2 Bxc3+
9.Qxc3 d6 10.Qc2 Qd7 11.g3 Qf5 12.Qxf5 Bxf5 13.Nd2 Nf8 14.Bxf6 gxf6 15.e4 Bg6
16.Bh3 Nd7 17.f3 Nc5 18.Ke2 a5 19.b3 Ke7 20.a3 Ra7 21.Rhc1 Rha8 22.Rc3 b6
23.Rb1 Nb7 24.Nf1 Nc5 25.Ne3 a4 26.b4 Nb3 27.Nc2 Rg8 28.Kf2 Raa8 29.Rd1 Rab8
30.Na1 Nd4 31.Nc2 Nb3 32.Na1 Nd4 33.Rxd4 exd4 34.Rd3 Bh7 35.Nc2 Rg7 36.Nxd4 Rbg8
37.f4 Bxe4 38.Re3 Kf8 39.Bd7 f5 40.Nxf5 f6 41.Nxg7 Rxg7 42.Bxa4 f5 43.Bc6  1-0

[Event "WY BU18 2012"]
[Site "Maribor SLO"]
[Date "2012.11.17"]
[Round "10.43"]
[White "Janzelj,T"]
[Black "Jovancevic,J"]
[Result "1/2-1/2"]
[WhiteElo "2247"]
[BlackElo "2025"]

1.d4 Nf6 2.c4 Nc6 3.Nf3 e6 4.g3 Bb4+ 5.Bd2 Bxd2+ 6.Qxd2 d6 7.Nc3 O-O 8.Bg2 h6
9.O-O e5 10.d5 Ne7 11.b4 Ne8 12.e4 f5 13.exf5 Bxf5 14.Nh4 Bd7 15.Rae1 a5
16.a3 g5 17.Nf3 Bg4 18.Qd3 Qd7 19.Nd2 axb4 20.axb4 Qf5 21.Nce4 Bh3 22.c5 Bxg2
23.Kxg2 Qf7 24.Nc3 Nf6 25.cxd6 cxd6 26.Nde4 Nxe4 27.Qxe4 Ra3 28.Re3 Nf5 29.Rd3 Rc8
30.Nb5 Rxd3 31.Qxd3 Nd4 32.Nxd4 exd4 33.Qxd4 Re8 34.b5 Re5 35.Rd1 h5 36.h3 Qf5
37.Rc1 g4 38.hxg4 hxg4 39.Qf4 Qxf4 40.gxf4 Rxd5 41.Rc8+ Kf7 42.Rc7+ Ke6 43.Rxb7 Rd3
44.b6 d5 45.Rb8 Kd7 46.b7 Kc7 47.Re8 Kxb7 48.Re3 Rd2 49.f5 d4 50.Re7+ Kc6
51.Kg3 Ra2 52.f6 Ra8 53.Kxg4 d3 54.Re1 Kd6 55.Kf5 Ra5+ 56.Kg6 Ra4 57.Re3 d2
58.Rd3+ Ke6 59.f7 Rg4+ 60.Kh5 Rf4  1/2-1/2

[Event "TCh-HUN 2012-13"]
[Site "Budapest HUN"]
[Date "2012.11.18"]
[Round "4"]
[White "Flumbort,A"]
[Black "Dencsi,T"]
[Result "1-0"]
[WhiteElo "2503"]
[BlackElo "2338"]

1.d4 Nf6 2.c4 Nc6 3.Nf3 d6 4.Nc3 e5 5.d5 Ne7 6.e4 Ng6 7.g3 Be7 8.Bg2 a5 9.Be3 Nd7
10.a3 h5 11.h4 Nf6 12.b4 Ng4 13.Bd2 axb4 14.axb4 Rxa1 15.Qxa1 O-O 16.Ng5 Bd7
17.O-O Qa8 18.Nb5 c6 19.Nc3 Nf6 20.Qb2 cxd5 21.Nxd5 Nxd5 22.cxd5 Rc8 23.Ra1 Qb8
24.Bf3 Bg4 25.Bxg4 hxg4 26.Be3 Rc4 27.Qe2 Qc8 28.Ra8 Qxa8 29.Qxc4 Qd8 30.b5 Qd7
31.b6 Bd8 32.Ne6 Bxb6 33.Bxb6 fxe6 34.dxe6 Qc6 35.Qxc6 bxc6 36.Bc7 d5 37.exd5 cxd5
38.Bd6 e4 39.h5 Nh8 40.Bc5 g6 41.Bd4 e3 42.fxe3  1-0

[Event "WY BU18 2012"]
[Site "Maribor SLO"]
[Date "2012.11.18"]
[Round "11.26"]
[White "Petrosyan,T1"]
[Black "Jovanovic,Boj2"]
[Result "1-0"]
[WhiteElo "2378"]
[BlackElo "2201"]

1.d4 Nf6 2.c4 Nc6 3.Nf3 e6 4.a3 d6 5.Nc3 g6 6.e4 Bg7 7.Be2 O-O 8.O-O Re8
9.d5 exd5 10.cxd5 Ne5 11.Nd4 Ned7 12.f3 Nb6 13.Re1 h6 14.a4 a5 15.Bb5 Bd7
16.Be3 Bxb5 17.axb5 Nc4 18.Bf2 Nd7 19.b3 Ncb6 20.Nde2 Nc5 21.Bxc5 dxc5 22.Rc1 Bf8
23.Na4 Nxa4 24.bxa4 c6 25.Nc3 Bg7 26.dxc6 bxc6 27.bxc6 Qxd1 28.Rexd1 Rac8
29.Nb5 Rxc6 30.Rc4 Bf8 31.Rd5 Ra8 32.Kf2 Be7 33.Ke3 Rd8 34.Kd3 Rcc8 35.Rc2 c4+
36.Rxc4 Rxd5+ 37.exd5 Rd8 38.Ke4 f5+ 39.Ke5 Re8 40.Nc7 Rd8 41.Rc6 Kf7 42.d6 Bf6+
43.Kd5 Rb8 44.Ne6 Rb2 45.Rc4 Kg8 46.Rc8+ Kf7 47.Rf8+  1-0

[Event "9th Vasylyshyn Mem IM"]
[Site "Lviv UKR"]
[Date "2012.11.24"]
[Round "5"]
[White "Ozturk,Ku"]
[Black "Zajarnyi,A"]
[Result "1/2-1/2"]
[WhiteElo "2278"]
[BlackElo "2324"]

1.d4 Nf6 2.c4 Nc6 3.Nf3 e6 4.Nc3 Bb4 5.Bd2 O-O 6.Qc2 d6 7.a3 Bxc3 8.Bxc3 Qe7
9.e3 e5 10.d5 Nb8 11.Be2 Bg4 12.O-O Nbd7 13.b4 Bh5 14.e4 h6 15.Rae1 g5  1/2-1/2

[Event "ch-Commonwealth 2012"]
[Site "Chennai IND"]
[Date "2012.11.28"]
[Round "8"]
[White "Sachdev,T"]
[Black "Ram,S"]
[Result "0-1"]
[WhiteElo "2400"]
[BlackElo "2269"]

1.d4 Nf6 2.c4 Nc6 3.Nf3 e6 4.Nc3 Bb4 5.Qc2 O-O 6.Bd2 d6 7.a3 Bxc3 8.Bxc3 a5
9.e4 Qe7 10.e5 dxe5 11.dxe5 Nd7 12.Bd3 h6 13.Qe2 Rd8 14.O-O Nf8 15.Be4 Bd7
16.Rfd1 Be8 17.Rxd8 Rxd8 18.Re1 Qc5 19.Bc2 Qb6 20.Qe4 Nb8 21.Qg4 c5 22.Nd2 Nc6
23.Ne4 Nd4 24.Nf6+ Kh8 25.Bb1 gxf6 26.exf6 Ng6 27.h4 Qd6 28.Qh5 Qf4 29.Qxc5 Bc6
30.Bxg6 Qg4 31.g3 Qh3  0-1

[Event "ch-Commonwealth 2012"]
[Site "Chennai IND"]
[Date "2012.11.29"]
[Round "9"]
[White "Paragua,M"]
[Black "Akshat,Kh"]
[Result "1/2-1/2"]
[WhiteElo "2532"]
[BlackElo "2398"]

1.d4 Nf6 2.c4 Nc6 3.Nf3 e6 4.Nc3 Bb4 5.Qc2 d6 6.e4 Bxc3+ 7.bxc3 e5 8.c5 exd4
9.Nxd4 O-O 10.Nxc6 bxc6 11.cxd6 cxd6 12.Bd3 d5 13.e5 Re8 14.Bf4 h6 15.O-O Nh5
16.Be3 Rxe5 17.Rab1 Re8 18.Qa4 Qf6 19.Rfc1 Bf5 20.Bxf5 Qxf5 21.Rb7 Qd3 22.Rxa7 Rxa7
23.Qxa7 Re4 24.h3 Rc4 25.a4 c5 26.Kh2 f5 27.Bxc5 Qe4 28.Qb8+ Kh7 29.Bd4 Rxa4
30.Rb1 Ra6 31.f3 Qh4 32.Qe5 f4 33.Rb6 Qg3+ 34.Kh1 Ra1+ 35.Bg1 Qg5 36.Qxg5 hxg5
37.Kh2 Ng3 38.Re6 Rd1 39.Rd6 Nf1+ 40.Kh1 Ne3 41.Re6 Rd3 42.Rc6 Rd2 43.Bxe3 fxe3
44.Kh2 Rd1 45.Re6 Rd3 46.Rc6 Rd1 47.Re6  1/2-1/2

[Event "5th Kolkata Open"]
[Site "Kolkata IND"]
[Date "2012.12.06"]
[Round "4"]
[White "Wojtaszek,R"]
[Black "Venkatesh,M"]
[Result "1/2-1/2"]
[WhiteElo "2734"]
[BlackElo "2520"]

1.d4 Nf6 2.c4 Nc6 3.Nf3 e6 4.a3 d6 5.Nc3 g6 6.e4 Bg7 7.d5 Ne7 8.Be2 O-O 9.O-O exd5
10.cxd5 c6 11.dxc6 bxc6 12.Bg5 h6 13.Be3 d5 14.exd5 Nfxd5 15.Nxd5 Nxd5 16.Bd4 Nf4
17.Bc4 Bg4 18.Bxg7 Kxg7 19.Qxd8 Raxd8 20.Ne5 Be2 21.Rfe1 Bxc4 22.Nxc4 Rd4
23.b3 Rb8 24.Re3 c5 25.Ne5 Rd2 26.Rf3 Ne2+ 27.Kf1 Rb7 28.Rd3 Rc2 29.Rad1 Nf4
30.Re3 Rb2  1/2-1/2

[Event "5th Kolkata Open"]
[Site "Kolkata IND"]
[Date "2012.12.08"]
[Round "6"]
[White "Adly,A"]
[Black "Venkatesh,M"]
[Result "1/2-1/2"]
[WhiteElo "2607"]
[BlackElo "2520"]

1.d4 Nf6 2.c4 Nc6 3.Nc3 e5 4.d5 Ne7 5.e4 Ng6 6.Bd3 Bc5 7.h3 a6 8.g4 d6 9.Qf3 h6
10.Nge2 Nh4 11.Qg3 g5 12.f4 exf4 13.Nxf4 Qe7 14.Ng2 Nxg2+ 15.Qxg2 Nd7 16.Kd1 Ne5
17.Kc2 Bd7 18.Bd2 O-O-O 19.Raf1  1/2-1/2

[Event "15th Padova Open 2012"]
[Site "Padova ITA"]
[Date "2012.12.21"]
[Round "7.7"]
[White "Petkov,V"]
[Black "Rossi,C1"]
[Result "1-0"]
[WhiteElo "2567"]
[BlackElo "2286"]

1.d4 Nf6 2.c4 Nc6 3.Nc3 e5 4.d5 Ne7 5.h4 Neg8 6.a3 Bc5 7.e3 a6 8.b4 Ba7 9.d6 cxd6
10.g4 h6 11.Bg2 d5 12.g5 d4 13.exd4 Bxd4 14.Nge2 hxg5 15.hxg5 Rxh1+ 16.Bxh1 Ng4
17.Nxd4 exd4 18.Nd5 d6 19.Qxd4 Ne7 20.Ra2 Nxd5 21.Bxd5 Kf8 22.f3 Ne5 23.Rh2 Qd7
24.Rh8+ Ke7 25.f4 Qg4 26.Qe3 Be6 27.Rxa8 Qh4+ 28.Kd1 Ng4 29.Qe2 Nf2+ 30.Kc2 Qh7+
31.Kd2 Qh2 32.Kc2 Qh7+ 33.Kb3 Qb1+ 34.Bb2 Nd3 35.Qc2 Qf1 36.Bxe6 fxe6 37.Bxg7 Nc1+
38.Kb2 Nd3+ 39.Kc3 Nxf4 40.Bf6+  1-0

[Event "Australian Open 2013"]
[Site "Cammeray AUS"]
[Date "2013.01.02"]
[Round "1.39"]
[White "Rout,I"]
[Black "Dibley,Shane E"]
[Result "1-0"]
[WhiteElo "1975"]
[BlackElo "1700"]

1.d4 Nf6 2.c4 Nc6 3.Nf3 e6 4.a3 a5 5.Nc3 h6 6.e4 d6 7.Be2 Ne7 8.O-O Ng6 9.Qc2 Bd7
10.h3 Nh5 11.Re1 Nhf4 12.Bf1 e5 13.Be3 Nh4 14.Nh2 Qg5 15.Bxf4 exf4 16.e5 O-O-O
17.Ne4 Qg6 18.exd6 Bxh3 19.dxc7 Bxg2 20.cxd8=Q+ Kxd8 21.f3 Bxf3+ 22.Kf2 Bxe4
23.Qxe4 Qg3+ 24.Ke2 Qxh2+ 25.Kd1 Bd6 26.c5 Bc7 27.Qxb7 Nf5 28.Qa8+ Kd7 29.Bb5+  1-0

[Event "Australian Open 2013"]
[Site "Cammeray AUS"]
[Date "2013.01.03"]
[Round "2.25"]
[White "Kethro,Michael"]
[Black "Cheng,Bo"]
[Result "0-1"]
[WhiteElo "1785"]
[BlackElo "2377"]

1.d4 Nf6 2.c4 Nc6 3.Nf3 e6 4.Nc3 Bb4 5.Qc2 d6 6.a3 Bxc3+ 7.Qxc3 Qe7 8.g3 e5
9.d5 Nb8 10.Bg2 c6 11.Nd2 O-O 12.e4 b5 13.cxb5 cxd5 14.exd5 Bb7 15.O-O Nbd7
16.Nb3 Bxd5 17.Bxd5 Nxd5 18.Qd3 Qe6 19.Rd1 N5f6 20.Nd2 e4 21.Qe2 Rac8 22.f3 d5
23.fxe4 dxe4 24.Nf1 Ne5 25.Be3 Qb3 26.Rac1 Rxc1 27.Rxc1 Nd3 28.Rc2 Qxb5 29.Bxa7 Qa4
30.Be3 Rb8 31.Qd1 Re8 32.Qe2 Ng4 33.h3 Nge5 34.Nh2 Qd7 35.h4 Nf3+ 36.Kh1 h6
37.Rc3 Nde5 38.Bg1 Nxh2 39.Bxh2 Qd5 40.Bg1 Nd3 41.Be3 Rb8 42.Bc1 Qd4 43.Qc2 Qd7
44.Kh2 Qg4 45.Qd2 Rb6 46.Qg2 Rf6 47.Be3 Ne1 48.Qh1 Qe2+ 49.Kh3 Rg6 50.Bf4 Nd3  0-1

[Event "Australian Open 2013"]
[Site "Cammeray AUS"]
[Date "2013.01.06"]
[Round "5.38"]
[White "Lilly,R"]
[Black "Visser,Johan"]
[Result "1-0"]
[WhiteElo "1904"]
[BlackElo "1773"]

1.d4 Nf6 2.c4 Nc6 3.Nf3 e6 4.Bg5 h6 5.Bh4 Bb4+ 6.Nc3 g5 7.Bg3 d6 8.e3 Bd7
9.Qc2 Ne7 10.Be2 Ng6 11.a3 Bxc3+ 12.Qxc3 Bc6 13.O-O-O a5 14.Qc2 Be4 15.Bd3 Bxd3
16.Qxd3 Qe7 17.Kb1 Nd7 18.Nd2 h5 19.h3 c5 20.dxc5 dxc5 21.Ne4 Nde5 22.Nd6+ Kf8
23.Qc3 Nc6 24.Nf5 exf5 25.Bd6 a4 26.Bxe7+ Kxe7 27.Rd2 Rhc8 28.Rhd1 Rc7 29.Qc2 Nge5
30.Qxf5 f6 31.Rd6 Ke8 32.Qxf6 Nf7 33.R6d5 Ra6 34.Qg6 Ke7 35.Qxh5 Na5 36.Qg4 Re6
37.h4 gxh4 38.Qf4 Ke8 39.Rd8+  1-0

[Event "11th Parsvnath Open"]
[Site "New Delhi IND"]
[Date "2013.01.06"]
[Round "3.4"]
[White "Gupta,Ab"]
[Black "Ram,S"]
[Result "1/2-1/2"]
[WhiteElo "2637"]
[BlackElo "2327"]

1.d4 Nf6 2.c4 Nc6 3.Nf3 e6 4.g3 d5 5.Bg2 dxc4 6.Qa4 Bb4+ 7.Bd2 Nd5 8.Bxb4 Nxb4
9.Na3 O-O 10.O-O a6 11.Ne5 Qxd4 12.Nxc6 Nxc6 13.Bxc6 bxc6 14.Nxc4 e5 15.Rfd1 Qc5
16.Rac1 a5 17.Ne3 Qb4 18.Qxc6 Be6 19.Qc3 Qxc3 20.Rxc3 Rfb8 21.Rd2 Bxa2  1/2-1/2

[Event "120th ch-NZL"]
[Site "Wellington NZL"]
[Date "2013.01.06"]
[Round "7.4"]
[White "Russell,MKA"]
[Black "Steadman,M"]
[Result "0-1"]
[WhiteElo "2274"]
[BlackElo "2195"]

1.d4 Nf6 2.c4 Nc6 3.Nf3 d6 4.Nc3 e5 5.d5 Ne7 6.e4 g6 7.c5 Bg7 8.cxd6 cxd6
9.Qa4+ Bd7 10.Qb4 Qb8 11.Nb5 Nc8 12.Be3 a6 13.Na3 b5 14.Bd3 Ng4 15.Nc2 Nxe3
16.Nxe3 O-O 17.g4 Nb6 18.Rg1 Na4 19.Qd2 Nc5 20.O-O-O b4 21.Kb1 Bb5 22.Bc2 a5
23.Nf5 gxf5 24.gxf5 f6 25.Qh6 Ra7 26.Rg3 Kh8 27.Qh4 Rff7 28.Rdg1 a4 29.Rh3 Qg8
30.Qh5 h6 31.Nh4 Qh7 32.Qf3 Rfc7 33.b3 axb3 34.axb3 Ra3 35.Rhg3 Rca7 36.Kc1 Ra1+
37.Kd2 Rxg1 38.Rxg1 h5 39.Ng6+ Kg8 40.Bd1 Qh6+  0-1

[Event "38th Seville Open"]
[Site "Seville ESP"]
[Date "2013.01.16"]
[Round "6.2"]
[White "Pogorelov,R"]
[Black "Belezky,A"]
[Result "0-1"]
[WhiteElo "2409"]
[BlackElo "2427"]

1.d4 Nf6 2.c4 Nc6 3.Nf3 e6 4.Nc3 Bb4 5.Qc2 d6 6.a3 Bxc3+ 7.Qxc3 a5 8.b3 O-O
9.Bb2 Re8 10.Rd1 Qe7 11.d5 Nb8 12.e3 e5 13.h3 Bf5 14.b4 Ne4 15.Qb3 Na6 16.Be2 axb4
17.axb4 c5 18.b5 Nb4 19.O-O Ng5 20.Rc1 Nxf3+ 21.Bxf3 Qg5 22.Kh2 Qg6 23.Ra1 Bc2
24.Qc3 Na2 25.Qd2 Qd3 26.Qxd3 Bxd3 27.Rfd1 Bxc4 28.Rd2 e4 29.Bd1 Bxb5 30.Bxg7 Kxg7
31.Rdxa2 Rxa2 32.Rxa2 Bc4 33.Ra7 Bxd5 34.Kg3 f5 35.Kf4 Kf6 36.Bc2 h5 37.g3 Rh8
38.Ba4 h4 39.Bd7 hxg3 40.fxg3 Rxh3 41.Bxf5 Rh2 42.Bc8 Rf2+ 43.Kg4 Ke5 44.Kg5 Ra2
45.Rxa2 Bxa2 46.Bxb7 c4 47.Bc6 Bb3  0-1

[Event "ch-TUR 2013"]
[Site "Antalya TUR"]
[Date "2013.02.05"]
[Round "6.42"]
[White "Soylemez,C"]
[Black "Ulas,S"]
[Result "0-1"]
[WhiteElo "1966"]
[BlackElo "1799"]

1.d4 Nf6 2.c4 Nc6 3.d5 Ne5 4.Qc2 e6 5.e4 Bb4+ 6.Nd2 exd5 7.cxd5 O-O 8.a3 Ba5
9.Be2 Re8 10.b4 Bb6 11.Bb2 Nfg4 12.Nh3 Qh4 13.O-O-O Bxf2 14.Qxc7 Bb6 15.Qc3 d6
16.Nf3 Qh6+ 17.Kb1 Ne3 18.Rdg1 Bd7 19.Bc1 Rac8 20.Qb3 Qg6 21.Nhg5 N5c4 22.Bxc4 Nxc4
23.Rf1 f6 24.Nh4 Qh5 25.Ngf3 Rxe4 26.Qd3 Rxh4 27.Nxh4 Qxh4 28.Rf4 Ne5 29.Qd2 Qh5
30.Rhf1 Bb5 31.Re1 Nd3 32.Re6 Rxc1+ 33.Ka2 Qxd5+  0-1

[Event "Moscow Open B 2013"]
[Site "Moscow RUS"]
[Date "2013.02.07"]
[Round "6.5"]
[White "Shulakova,S"]
[Black "Galojan,L"]
[Result "1-0"]
[WhiteElo "2181"]
[BlackElo "2326"]

1.d4 Nf6 2.c4 Nc6 3.Nf3 d6 4.Nc3 e5 5.dxe5 Nxe5 6.Nxe5 dxe5 7.Qxd8+ Kxd8
8.Bg5 c6 9.O-O-O+ Kc7 10.e4 Bb4 11.f3 Be6 12.Kc2 Bc5 13.Be2 Nd7 14.a3 a5
15.Na4 Bd4 16.Rxd4 exd4 17.Bf4+ Kd8 18.c5 f5 19.Rd1 fxe4 20.fxe4 Rf8 21.Bg3 Ke8
22.Rxd4 Kf7 23.Bc4 Bxc4 24.Rxd7+ Kg8 25.Rxb7 Bf1 26.Nc3 Bxg2 27.b4 axb4 28.axb4 Rf7
29.Rb6 Rc8 30.Kb3 Bf1 31.e5 Bg2 32.b5 cxb5 33.Kb4 Rb7 34.Nxb5 Rcb8 35.Bf2 Kf7
36.Nd6+ Ke7 37.Bh4+ Kd7 38.e6+ Kc7 39.Nb5+ Kc8 40.Nd6+ Kc7 41.Nb5+ Kc8 42.e7 Rxe7
43.Rxb8+ Kxb8 44.Bxe7 Kc8 45.Nd4 Kd7 46.Bf8 g5 47.Bh6 g4 48.Bg5 Ke8 49.c6 Kf7
50.c7 Bb7 51.Kc5 Kg6 52.Bh4 Kh5 53.Bd8 Kg6 54.Kd6 Bc8 55.Ke5 h6 56.Nc6 Kh5
57.Na7 Bd7 58.c8=Q Bxc8 59.Nxc8 Kg6 60.Nd6  1-0

[Event "Aeroflot Open Rapid Qualifier 2013"]
[Site "Moscow RUS"]
[Date "2013.02.13"]
[Round "6.4"]
[White "Sjugirov,S"]
[Black "Fressinet,L"]
[Result "1-0"]
[WhiteElo "2646"]
[BlackElo "2706"]

1.d4 Nf6 2.c4 Nc6 3.Nf3 e6 4.g3 d5 5.Bg2 Bb4+ 6.Bd2 Be7 7.O-O O-O 8.Qc2 Ne4
9.Rd1 a5 10.Nc3 f5 11.a3 Bf6 12.e3 Kh8 13.Rac1 Ne7 14.Ne2 c6 15.Nf4 Bd7 16.Be1 Ng6
17.Nd3 Be8 18.Rb1 Nd6 19.b3 Qc7 20.a4 Ne4 21.Rdc1 Bf7 22.cxd5 exd5 23.b4 axb4
24.Bxb4 Rfe8 25.Rb2 Be6 26.a5 Bc8 27.Rcb1 Be7 28.Be1 Bd6 29.Rb6 Nf6 30.R6b2 Ne4
31.Rb6 Nf6 32.R6b2 Ne4 33.Bf1 Qf7 34.Ra2 h5 35.a6 Rxa6 36.Rxa6 bxa6 37.Qxc6 h4
38.Bb4 Bd7 39.Qxa6 Rb8 40.Qa2 hxg3 41.hxg3 Bc7 42.Rc1 Bb5 43.Qa7 Bc4 44.Ba5 Rc8
45.Nde5 Nxe5 46.Nxe5 Qh5 47.Bxc7 Bxf1 48.Rxf1 Qh3 49.Qb7 Nxg3 50.Nf7+ Kg8
51.Qxc8+  1-0

[Event "ch-ROU 2013"]
[Site "Baile Olanesti ROU"]
[Date "2013.02.18"]
[Round "3.25"]
[White "Lupascu,M"]
[Black "Lupu,O"]
[Result "0-1"]
[WhiteElo "2004"]
[BlackElo "2265"]

1.d4 Nf6 2.c4 Nc6 3.Nf3 e6 4.e3 g6 5.Nc3 d6 6.Be2 Bg7 7.O-O O-O 8.e4 b6 9.Re1 Bb7
10.Bf1 h6 11.Rb1 e5 12.d5 Ne7 13.b4 Nd7 14.Nd2 f5 15.f3 Nf6 16.c5 g5 17.cxd6 cxd6
18.Nc4 g4 19.Nb5 Ne8 20.Be3 gxf3 21.gxf3 Rf6 22.a4 Ba6 23.Nba3 fxe4 24.fxe4 Rg6+
25.Kh1 Nf6 26.Nxe5 dxe5 27.Bxa6 Nxe4 28.Bc4 Nc3 29.d6+ Kh8 30.dxe7 Qxe7 31.Bd5 Nxd1
32.Bxa8 Qf8 33.Bb7 Nc3 34.Rbc1 e4 35.Rf1 Qxb4 36.Nb5 Qe7 37.Bc8 Qd8 38.Nxc3 Qxc8
39.Ne2 Qe8 40.Nf4 Rd6 41.Rg1 Qf7 42.Rg3 Be5 43.Rcg1 Kh7 44.Rg4 Rf6 45.Nh3 Rf1
46.Rxf1 Qxf1+ 47.Ng1 Qd3 48.Bc1 Qd1  0-1